Dohra tragického osudu košických Židov

Titel: Dohra tragického osudu košických Židov
Verfasser:
In: Acta judaica slovaca, Band 4 (1998), Seite 193-202
alle Artikel anzeigen
Veröffentlicht: 1998
Format: Aufsatz
Sprache: Slowakisch
Kein Bild verfügbar
X
alg: 39271947
001A    $01999:11-11-16 
001B    $06050:05-02-25 $t15:45:52.000 
001C    $06050:19-11-16 $t15:06:49.000 
001D    $01999:11-11-16 
001U    $0utf8 
001X    $00 
002@    $0Aox 
003@    $0392719479 
007A    $0392719479 $aHEB 
007T    $0Herdb02972 
010@    $aslo 
011@    $a1998 
021A    $aDohra tragického osudu košických Židov 
028A    $aSulaček $dJozef 
031A    $d4 $h193-202 $j1998 
039B    $aIn $8--Abvc--. Acta judaica slovaca. - Bratislava : [Verlag nicht ermittelbar], 1993- $x199800000040000807 $905482012X 
045F    $a909.04924094373 $eDDC23BSB 
045F/01 $a909.04924 
045F/03 $g4373 
045T    $a7,41 
045T    $aJUDAICA $qDE-30 $2FID 
045T    $aOST $qDE-12 $2FID 

lok: 39271947 78

exp: 39271947 78 1 #EPN
201B/01 $031-01-19 $t23:10:36.000 
201U/01 $0utf8 
203@/01 $078881883X 
208@/01 $a11-11-16 $be 
209A/01 $a/ $f000 $x00 
220C/01 $aTitelaufnehmer: azs;kk 
220C/01 $aHerkunft: Hú SAV Bratislava 
244Z/01 $2Trx $#Slowakische Republik $#Szlovák Köztársaság $#Republika Słowacka $#Slovenská Republika $#Slovensko $#Slowakei $#Słowacja $#Slovensko $8--Trx--Slovenská Republika $x01 $9391345796 
244Z/01 $#Kaschau Košice $#Koshice $#Cassovia Košice $71028389-4 $8--Tg1--Košice $x02 $9042044669 
244Z/01 $2Trx $#juudid $#žydai $#Jews $#zsidók $#Żydzi $#Židia $#Židé $#Minderheit, jüdische $#Litvaken $#mniejszość żydowska $#menšina židovská $#menšina židovská $8--Trx--Juden $x03 $9391371312 
244Z/01 $2Trx $#juutide tagakiusamine $#žydų persekiojimas $#persecution of Jews $#zsidóüldözés $#prześladowania Żydów $#prenasledovanie Židov $#pronásledování židů $#Pogrome $#Reichspogromnacht $#pogromy $#noc kryształowa 1938 $#pogromy $#pogromy $8--Trx--Judenverfolgung $x04 $9391368877 
244Z/01 $2Trx $#deporteerimine $#deportacijos $#deportations $#deportálások fogolyszállítások $#deportacje $#deportácie $#deportace $8--Trx--Deportationen$xGefangenentransporte $x05 $939137429X 
244Z/01 $2Trx $8--Trx--Zeitschriftenaufsatz $x06 $9391384341 
245Z/01 $a13.03 $x01 
245Z/01 $a08.04.09 $x02 
247C/01 $82080>Marburg/Lahn, Herder-Institut, Forschungsbibliothek, Bibliographieportal $9336309341
LEADER 00000caa a22000002c 4500
001 392719479
003 DE-603
005 20250205154552.0
007 tu
008 161111s1998 xx |||| | u00||u|slo c
035 |a (DE-599)HEB392719479 
040 |a DE-603  |b ger  |c DE-603  |d DE-603 
041 |a slo 
082 0 4 |8 1\u  |a 909.04924094373  |q DE-101  |2 23/BSB 
084 |a 7,41  |2 ssgn 
084 |a JUDAICA  |q DE-30  |2 fid 
084 |a OST  |q DE-12  |2 fid 
085 |8 1\u  |b 909.04924 
085 |8 1\u  |z 2  |s 4373 
100 1 |a Sulaček, Jozef 
245 0 0 |a Dohra tragického osudu košických Židov 
264 0 |c 1998 
773 0 8 |i In  |t Acta judaica slovaca  |d Bratislava : [Verlag nicht ermittelbar], 1993-  |g Band 4 (1998), Seite 193-202  |w (DE-603)05482012X  |w (DE-600)1241803-1 
924 0 |9 2080  |a (DE-603)78881883X  |b DE-2080  |c HES  |d d  |g /